Selected papers /
Guardado en:
| Autor Principal: | |
|---|---|
| Otros Autores: | |
| Formato: | Libro |
| Idioma: | English French |
| Publicado: |
Tokyo :
Kinokuniya,
1985.
|
| Etiquetas: |
Agregar Etiqueta
Sin Etiquetas, Sea el primero en etiquetar este registro!
|
| LEADER | 00662nam a22001935a 4500 | ||
|---|---|---|---|
| 001 | MAT.inmabb003469 | ||
| 008 | 051209s1985####ja#c#####b####000#0#eng#d | ||
| 005 | 20130208135320.0 | ||
| 245 | 1 | 0 | |a Selected papers / |c Shigeo Sasaki ; edited by Shun-ichi Tachibana. |
| 260 | |a Tokyo : |b Kinokuniya, |c 1985. | ||
| 300 | |a viii, 363 p. : |b retr. ; |c 27 cm. | ||
| 500 | |a Contiene 32 artículos seleccionados por el autor. | ||
| 504 | |a Incluye referencias bibliográficas. | ||
| 510 | 4 | |a MR, |c 87g:01064 | |
| 100 | 1 | |a Sasaki, Shigeo, |d 1912- | |
| 700 | 1 | |a Tachibana, Shun-ichi. |4 edt | |
| 084 | |a 01A75 (53-03) |2 msc2000 | ||
| 041 | 1 | |a eng |a fre | |
| 859 | |h 01A75 |i Sa252 |p A-6335 |b BIB. MATEMATICA | ||
